Sni svůj bláhový sen /

Main Author: Simmel, Johannes Mario, 1924-2009
Other Authors: Alanová, Zdenka, Parkmanová, Ivana
Language: Czech
Published: Praha : Ikar, 2000
Edition: Vyd. 2.
Online Access: Digitalizovaný dokument
Physical Description: 461 s. ; 21 cm
Book
Saved in:
LEADER 01112nam a2200313 a 4500
001 000468736
003 CZ BrMZK
005 20071217120727.0
007 ta
008 010907s2000 xr g f cze d
015 |a cnb000959653 
020 |a 80-7202-607-0 
035 |a (OCoLC)37963609 
040 |a BOA001  |b cze 
072 7 |a 821.112.2-3  |x Německá próza, německy psaná  |2 Konspekt  |9 25 
080 |a 821.112.2(436)-31  |2 MRF 
080 |a (0:82-31)  |2 MRF 
100 1 |a Simmel, Johannes Mario,  |d 1924-2009  |7 jn20000605033  |4 aut 
245 1 0 |a Sni svůj bláhový sen /  |c Johannes Mario Simmel ; [z němčiny přeložily Ivana Parkmanová a Zdenka Alanová] 
250 |a Vyd. 2. 
260 |a Praha :  |b Ikar,  |c 2000 
300 |a 461 s. ;  |c 21 cm 
655 7 |a rakouské romány  |7 fd133222  |2 czenas 
700 1 |a Alanová, Zdenka  |7 jk01010147  |4 trl 
700 1 |a Parkmanová, Ivana  |7 jx20031205009  |4 trl 
765 0 |t Träum den unmöglichen Traum 
856 4 1 |u http://www.digitalniknihovna.cz/mzk/uuid/uuid:700f1cd0-113e-11e3-9923-005056827e52  |y Digitalizovaný dokument  |x NDK 
910 |a BOA001  |b 2-1071.445 
990 |a BK